Online Catalogue and eLibrary

Planning development and poverty alleviation : (Record no. 2768)

MARC details
000 -LEADER
fixed length control field 00443nam a2200157Ia 4500
005 - DATE AND TIME OF LATEST TRANSACTION
control field 20240528064804.0
008 - FIXED-LENGTH DATA ELEMENTS--GENERAL INFORMATION
fixed length control field 240331s9999 xx 000 0 und d
020 ## - INTERNATIONAL STANDARD BOOK NUMBER
ISBN 8171000754
082 ## - DDC Classification
Item Number - Author Mark KUM
Class No. 338.9
100 ## - MAIN ENTRY--PERSONAL NAME
Personal name Kumar, B
245 #0 - TITLE STATEMENT
Title Planning development and poverty alleviation :
Remainder of title A 21st century perspective
Statement of responsibility, etc. Dr,B, Kumar
260 ## - PUBLICATION, DISTRIBUTION, ETC.
Place of publication, distribution, etc. New Delhi
Name of publisher, distributor, etc. Deep & Deep Publications
Date of publication, distribution, etc. 1988
300 ## - PHYSICAL DESCRIPTION
Extent (e.g. Volumes, Pages etc.) 319 p .,
650 ## - SUBJECT ADDED ENTRY--TOPICAL TERM
Topical term or geographic name entry element Economy
942 ## - Koha item type (Biblio)
Koha item type Books in Stacks (Lending)
Holdings
Lost status Damaged status Collection code Home library Current library Shelving location Date acquired Full call number Accession Number Item type
    Lending WERC Library WERC Library Social Science Cupboard 03/31/2024 338.9 KUM 3646 Books in Stacks (Lending)

© WERC Library